Movies Quiz

Random Movies or Animal Quiz

Animated Dog Movies Quiz Stats

 Plays Quiz Updated Apr 7, 2016

Challenge
Share
Tweet
Score 0/20 Timer 05:00
6 Plays Today
% Correct
Lady and the Tramp
94.5%
Up
93.6%
Bolt
92.1%
The Fox and the Hound
92%
Toy Story
89.8%
One Hundred and One Dalmatians
88.4%
The Nightmare Before Christmas
87.7%
Clifford's Really Big Movie
87.2%
Peter Pan
86%
All Dogs Go to Heaven 2
74.6%
% Correct
A Goofy Movie
74.4%
How the Grinch Stole Christmas!
73.3%
The Peanuts Movie
70.9%
Wallace and Gromit: The Curse of the Were-Rabbit
65.5%
Oliver & Company
63.1%
Frankenweenie
56.5%
Mr. Peabody & Sherman
46%
The Adventures of Tintin
43.6%
Balto
43.3%
Doogal
18.9%

You're not logged in!

Compare scores with friends on all Sporcle quizzes.
Join for Free
OR
Log In

You Might Also Like...

Show Comments

Extras

Top Quizzes Today


Score Distribution

Your Account Isn't Verified!

In order to create a playlist on Sporcle, you need to verify the email address you used during registration. Go to your Sporcle Settings to finish the process.

Report this User

Report this user for behavior that violates our Community Guidelines.

Details: